01789nam a22003977a 4500003000500000005001700005008004100022010001100063011001100074035001100085040000900096090001000105100003900115245012700154260004000281500006000321502010400381590003700485590004100522590004100563590004100604590004100645590004100686590004200727650006200769650003200831650003300863856006400896901000700960942000900967949006300976949005801039999001901097952014001116952013501256CHAP20220329143929.0060912s2012 mx r 00010 spa d a103870 a104842 a115532 cCHAP aTesis1 aCrispín Fuentes, Leticia.92897910aProceso organizativo de la integradora de piloncillo en la Huasteca Potosinah[En línea]c/por Leticia Crispín Fuentes aChapingo, Méx. :bEl autor,c2012 aPara ver el contenido del material haga clic en la liga aTesis (M.C. en Desarrollo Rural Regional) -- UACH. Dirección de Centros Regionales Universitarios aALEPHb10c20130110lUCH01h1546 aBATCH-UPDb10c20130110lUCH01h1103 aBATCH-UPDb10c20130410lUCH01h0656 aBATCH-UPDb10c20130914lUCH01h0838 aBATCH-UPDb10c20140324lUCH01h1534 aBATCH-UPDb10c20141002lUCH01h0855 aCONVERSIONb10c20130109lUCH01h135714aCaña de azúcarxSubproductoszSan Luis Potosi.91864914aPiloncilloxCalidad.98807914aPiloncilloxMercadeo.988080 3Finding aiduhttp://10.13.5.2/tesis/115532.pdfzTeclea aqui aBK cFOLL aTesisbBCcTESd33724002348587eTS2fc.2h53969i115532st aTesisbBCcTESd33724002348629eTS1h53968i115532st c103870d103870 00102local4053708TESISaBCbBCcPA_TESISd2019-12-31fTESISl0oTesisp33724002348587r2019-12-31 00:00:00tc.2w2019-12-31yTESIS 00102local4051708TESISaBCbBCcPA_TESISd2019-12-31fTESISl0oTesisp33724002348629r2019-12-31 00:00:00w2019-12-31yTESIS